000
00346 a2200169 4500
001
73506
020
_a
850806203-6
040
_c
Anchieta - Colégio São Paulo
100
_a
Alencar, José de
240
1
0
_a
Til
_l
por
245
1
0
_a
Til
300
_a
199
362
0
_a
1997
440
1
_a
Ática
650
4
_a
Ficção brasileira
942
_c
BK
999
_c
73506
_d
73506